000 00873caa a22002417a 4500
999 _c420743
_d420743
001 132211
003 UA-OsUOA
005 20200129110138.0
007 ta
008 20180712b un ||||| |||| 00| 0 ukr d
040 _aUA-OsUOA
_bukr
_cUA-OsUOA
_dUA-OsUOA
041 _aukr
080 _a908
090 _a908
_bВ63
100 _aЛіщук Д.
245 _aВоєнні дії напередодні Оршанської битви
_cД. Ліщук
300 _aС. 19–21
650 7 _a908 Краєзнавство
_2UDC
773 0 _0396164
_9415205
_aЛіщук Д. С.
_dЧернівці 2014
_o147450
_tКнязь Костянтин Острозький крізь призму Оршанської битви 1514 року
_w(UA-OsUOA) 110119
942 _cBKA
_2udc
955 _a1